00773nam a2200265 a 450000100060000000300080000600500170001400800410003103500190007203500180009104000300010904100080013908200250014710000230017224500750019525000120027026000380028230000340032050000180035465000290037265000400040165000190044165000210046070000260048150901BD-RjUL20211209075600.0160829s1964 nyua b 001 0 eng  a(BD-RjUL)51021 a(OCoLC)927691 aDLCcRUndOCoLCdDLCbeng aeng 223a707.15bLOC 19641 aLowenfeld, Viktor.10aCreative and mental growth /cViktor Lowenfeld and W. Lambert Brittain a4th ed. aNew York :bMacmillan Co.,cc1964 axiv, 412 p. :bill. ;c24 cm. aInclude index 0aArtxStudy and teaching. 0aCreation (Literary, artistic, etc.) 0aChild artists. 0aArtxPsychology. aBrittain, W. Lambert